Statistics for Football League London Clubs

Click here to take the quiz!

General Stats

  • This quiz has been taken 27 times
  • The average score is 9 of 12

Answer Stats

DivisionAnswer% Correct
Premier LeagueArsenal
100%
Premier LeagueChelsea
100%
Premier LeagueTottenham Hotspur
96%
Premier LeagueCrystal Palace
88%
Premier LeagueWest Ham United
88%
ChampionshipFulham
76%
ChampionshipMillwall
76%
ChampionshipQueens Park Rangers
72%
ChampionshipBrentford
64%
League OneCharlton Athletic
60%
League OneAFC Wimbledon
52%
League TwoBarnet
44%

Score Distribution

Percentile by Number Answered

Percent of People with Each Score

Your Score History

You have not taken this quiz